LEADER 01530nam 2200337Ia 450 001 996395568103316 005 20210701233050.0 035 $a(CKB)3810000000016345 035 $a(EEBO)2240881297 035 $a(OCoLC)ocn489263192e 035 $a(OCoLC)489263192 035 $a(EXLCZ)993810000000016345 100 $a20091216d1675 uy 0 101 0 $aeng 135 $aurbn#|||a|bb| 200 04$aThe kid-napper trapan'd: or, The treacherous husband caught in his own trap$b[electronic resource] $eBeing a pleasant and true relation of a man in this town that would have sold his wife to Virginia, how he bargain'd with the master of a ship for forty five shillings, telling him she was a slut that followed him, and that he could not be rid of her; but afterwards the master discovering that she was his wife, released her, and clapping him into the hold, carri'd him away in her stead 210 $aLondon $cPrinted for P.B.$d1675 215 $a7, [1] p. $cill 300 $a"With allowance." 300 $aPrinte ornament headpiece, initial. 300 $aReproduction of original in: New York Public Library. 330 $aeebo-0103 606 $aAbduction$zEngland$vEarly works to 1800 607 $aVirginia$xHistory$yColonial period, ca. 1600-1775$vSources$vEarly works to 1800 615 0$aAbduction 801 0$bUMI 801 1$bUMI 906 $aBOOK 912 $a996395568103316 996 $aThe kid-napper trapan'd: or, The treacherous husband caught in his own trap$92374786 997 $aUNISA